| Tag |
First Indicator |
Second Indicator |
Subfields |
| LEADER |
00000cam a2200000Ia 4500 |
| 001 |
in00002491721 |
| 005 |
20211202185757.0 |
| 006 |
m d f |
| 007 |
cr mn||||||||| |
| 008 |
081029s1997 dcuabde sb f000 0 eng d |
| 035 |
|
|
|a (OCoLC)ocn264761539
|
| 040 |
|
|
|a GPO
|c GPO
|d GPO
|d MvI
|d UtOrBLW
|
| 043 |
|
|
|a n-us---
|
| 049 |
|
|
|a WWW
|
| 074 |
|
|
|a 0003 (online)
|
| 086 |
0 |
|
|a A 1.76:590/1997-2
|
| 245 |
0 |
0 |
|a Ponds--planning, design, construction.
|
| 250 |
|
|
|a Rev. Nov. 1997.
|
| 264 |
|
1 |
|a [Washington, D.C.] :
|b U.S. Dept. of Agriculture, Natural Resources Conservation Service,
|c [1997]
|
| 300 |
|
|
|a viii, 85 pages :
|b digital, PDF file.
|
| 336 |
|
|
|a text
|b txt
|2 rdacontent
|
| 337 |
|
|
|a computer
|b c
|2 rdamedia
|
| 338 |
|
|
|a online resource
|b cr
|2 rdacarrier
|
| 490 |
1 |
|
|a Agriculture handbook ;
|v no. 590
|
| 538 |
|
|
|a Mode of access: Internet from USDA web site. Address as of 9/24/08: ftp://ftp-fc.sc.egov.usda.gov/NH/Engineering%5Fpubs/ponds.pdf ; current access available via PURL.
|
| 500 |
|
|
|a Title from title screen (viewed on Sept. 24, 2008).
|
| 504 |
|
|
|a Includes bibliographical references (page 70).
|
| 500 |
|
|
|a Electronic resource.
|
| 650 |
|
0 |
|a Ponds.
|
| 650 |
|
0 |
|a Farm ponds.
|
| 710 |
1 |
|
|a United States.
|b Natural Resources Conservation Service.
|
| 830 |
|
0 |
|a Agriculture handbook (United States. Department of Agriculture) ;
|v no. 590.
|
| 856 |
4 |
0 |
|u https://purl.fdlp.gov/GPO/LPS102909
|t 0
|
| 999 |
|
|
|a MARS
|
| 999 |
f |
f |
|s 37a724b1-afa2-3c0f-a61b-54e12f202012
|i 3d8085db-0e7e-38be-b5b2-33b3f3fa7a3d
|t 0
|
| 952 |
f |
f |
|a Texas A&M University
|b College Station
|c Electronic Resources
|d Available Online
|t 0
|e A 1.76:590/1997-2
|h Superintendent of Documents classification
|
| 998 |
f |
f |
|a A 1.76:590/1997-2
|t 0
|l Available Online
|